00576nam a22001577a 450000500170000002000220001703500120003903700130005110000310006424500970009526000450019230000230023794200250026099900170028595201160030220120426114358.0 a019564574Xc00.00 aB-11658 aDPLbENG aHansen, Thomas Blom945775 aThe saffron wave :bDemocracy and Hindu nationalism in modern India /cby Thomas Blom Hansen aNew DelhibOxford University Pressc1999 avi, 293p.c20 cms. 2ddccENh320.54mHAN c65660d65660 001040708NFICaZLSbZLSd2012-04-26g0.00l0o320.54 HANpB-11658r2012-04-26 00:00:00v0.00w2012-04-26yEN